000 00922nam a2200181Ia 4500
008 090124s9999 xx 000 0 und d
082 _b29694
_a2825
100 _aप्रभावळकर दिलीप
245 _a दिलीप प्रभावळकरांच्या एकांकिका चूकभूल द्यावी घ्यावी व इतर
250 _a1
260 _c1998
300 _a51
600 _aप्रभावळकर दिलीप
630 _a दिलीप प्रभावळकरांच्या एकांकिका चूकभूल द्यावी घ्यावी व इतर
700 _aप्रभावळकर दिलीप
730 _a दिलीप प्रभावळकरांच्या एकांकिका चूकभूल द्यावी घ्यावी व इतर
942 _cBOOK
999 _c143176
_d143176